Sports Quiz

Random Sports or Football Quiz
Score 0/100 Timer 12:00
0 Plays Today
Avg. Draft Position Player/Team % Correct
1.1Adrian Peterson
83.9%
16.4Peyton Manning
83.8%
87.2Eli Manning
83.6%
11.8Tom Brady
82.8%
9Chris Johnson
82.4%
17.9Calvin Johnson
82.3%
14.2Andre Johnson
82.3%
62.8Larry Johnson
82.2%
4.9Drew Brees
78.3%
33.4Thomas Jones
75.3%
9.6Steven Jackson
71.8%
53.3Vincent Jackson
71.7%
63.3DeSean Jackson
71.7%
95.4Fred Jackson
71.6%
13.5LaDainian Tomlinson
71.1%
23.9Steve Smith
70.7%
32.1Kevin Smith
70.6%
8.5DeAngelo Williams
69.9%
79.1Cadillac Williams
69.8%
47.5Roy E. Williams
69.8%
15Randy Moss
68.9%
34.2Aaron Rodgers
68.8%
84.1Santana Moss
68.6%
9.9Larry Fitzgerald
65.6%
40.7Tony Gonzalez
64.6%
101Anthony Gonzalez
64.5%
4.4Maurice Jones-Drew
63.2%
3Michael Turner
62.6%
38.7Philip Rivers
62%
6.8Matt Forte
60%
32.4Ronnie Brown
59.5%
20Reggie Wayne
59%
12.8Frank Gore
58.9%
51Antonio Gates
58.8%
Avg. Draft Position Player/Team % Correct
60.3Ray Rice
58.6%
39.6Tony Romo
57.7%
29.6Roddy White
57.6%
65.5LenDale White
57.6%
72.1Donovan McNabb
57.3%
74.7Ben Roethlisberger
57.1%
33Terrell Owens
56.5%
74.1Reggie Bush
56.5%
48.1Matt Ryan
56.2%
66.1Hines Ward
55.7%
79.7Derrick Ward
55.6%
86.7Jay Cutler
55.4%
60.4Steelers
55.4%
40.4Wes Welker
54.2%
22.6Marion Barber
54%
32.7Anquan Boldin
53.5%
83.9Ravens
53.5%
22.4Clinton Portis
52.5%
36.9Kurt Warner
52.2%
16.1Brandon Jacobs
52.1%
46.4Jason Witten
52%
23.9Brian Westbrook
51.9%
53Marshawn Lynch
51.7%
57.8Santonio Holmes
50.9%
43Pierre Thomas
48.2%
38.7Willie Parker
48%
52.8Joseph Addai
47.8%
98.2Carson Palmer
47%
24.4Greg Jennings
46.7%
85.4Jamal Lewis
46.6%
44.7Brandon Marshall
46.2%
31.9Marques Colston
46.1%
65.6Matt Schaub
46%
39Ryan Grant
46%
Avg. Draft Position Player/Team % Correct
55.3Dallas Clark
45.5%
49.2Darren McFadden
45.1%
21.5Steve Slaton
44.8%
69.6Jonathan Stewart
44.5%
53.4Chad Ochocinco
44.4%
54Braylon Edwards
43.9%
77.8Cedric Benson
43.8%
93Donald Driver
41.2%
73.1Giants
40.6%
77.5Ahmad Bradshaw
39.4%
71.1Darren Sproles
38.7%
70.6Knowshon Moreno
36.1%
47.5T.J. Houshmandzadeh
36%
86.3Matt Cassel
35.9%
89.1Eagles
35.1%
98.2Vikings
33.7%
40Dwayne Bowe
33.7%
94.1Chris Wells
33.3%
98.3Devin Hester
30.7%
75.7Lee Evans
29.8%
97.5Jeremy Shockey
29.4%
87Antonio Bryant
28.3%
74Owen Daniels
27.2%
86.5Titans
27.2%
75.8Chris Cooley
26.8%
96.6Greg Olsen
25.8%
70Bernard Berrian
25.3%
90.4Jerricho Cotchery
24.5%
90.3Eddie Royal
18%
99.4Kevin Walter
17.3%
93.8Mario Manningham
16.3%
99.2John Carlson
12.7%
Remove Ads.
Support Sporcle.
Get the best of Sporcle when you Go Orange. This ad-free experience offers more features, more stats, and more fun while also helping to support Sporcle. Thank you for becoming a member.

You're not logged in!

Compare scores with friends on all Sporcle quizzes.
OR
Log In

Show Comments

Extras

Top Quizzes Today


Score Distribution

Your Account Isn't Verified!

In order to create a playlist on Sporcle, you need to verify the email address you used during registration. Go to your Sporcle Settings to finish the process.

Report this User

Report this user for behavior that violates our Community Guidelines.

Details: